<?xml version="1.0" encoding="UTF-8"?>
<record
    xmlns:xsi="http://www.w3.org/2001/XMLSchema-instance"
    xsi:schemaLocation="http://www.loc.gov/MARC21/slim http://www.loc.gov/standards/marcxml/schema/MARC21slim.xsd"
    xmlns="http://www.loc.gov/MARC21/slim">

  <leader>01121nam a22002177a 4500</leader>
  <controlfield tag="005">20140210115944.0</controlfield>
  <controlfield tag="008">131018b2008    ck |||||r|||| 00| 0 spa d</controlfield>
  <datafield tag="020" ind1=" " ind2=" ">
    <subfield code="a">9789588448053</subfield>
  </datafield>
  <datafield tag="041" ind1=" " ind2=" ">
    <subfield code="a">spa</subfield>
  </datafield>
  <datafield tag="044" ind1=" " ind2=" ">
    <subfield code="a">ck</subfield>
  </datafield>
  <datafield tag="082" ind1=" " ind2=" ">
    <subfield code="a">333.917</subfield>
    <subfield code="b">L62l2</subfield>
  </datafield>
  <datafield tag="245" ind1=" " ind2=" ">
    <subfield code="a">Lineamientos y estrategias para el manejo integrado de la Unidad Ambiental Costera del Dari&#xE9;n -(UAC Dari&#xE9;n), Caribe Colombiano :</subfield>
    <subfield code="b">Documento anexo /</subfield>
    <subfield code="c">Editado por L&#xF3;pez Rodr&#xED;guez, A ... [et al]</subfield>
  </datafield>
  <datafield tag="260" ind1=" " ind2=" ">
    <subfield code="a">Santa Martha</subfield>
    <subfield code="b">Instituto de Investigaciones Marinas y Costeras - INVEMAR</subfield>
    <subfield code="b">Gobernaci&#xF3;n de Antioquia Corporaci&#xF3;n para el Desarrollo Sostenible del Urab&#xE1; - CORPOURABA</subfield>
    <subfield code="b">Corporaci&#xF3;n Aut&#xF3;noma Regional para el Desarrollo Sostenible de Choc&#xF3; - CODECHOCO</subfield>
    <subfield code="c">2008</subfield>
  </datafield>
  <datafield tag="300" ind1=" " ind2=" ">
    <subfield code="a">32 p.</subfield>
    <subfield code="b">il. (col.), mapas, tablas</subfield>
    <subfield code="c">28 c.</subfield>
  </datafield>
  <datafield tag="490" ind1=" " ind2=" ">
    <subfield code="a">Serie de Documentos Generales INVEMAR</subfield>
  </datafield>
  <datafield tag="650" ind1=" " ind2=" ">
    <subfield code="a">Medio ambiente</subfield>
    <subfield code="z">Costa Caribe (Colombia)</subfield>
    <subfield code="9">6086</subfield>
  </datafield>
  <datafield tag="650" ind1=" " ind2=" ">
    <subfield code="a">Gesti&#xF3;n ambiental</subfield>
    <subfield code="z">Costa Caribe (Colombia)</subfield>
    <subfield code="9">6087</subfield>
  </datafield>
  <datafield tag="650" ind1=" " ind2=" ">
    <subfield code="a">Estrategias de manejo ambiental</subfield>
    <subfield code="9">2148</subfield>
  </datafield>
  <datafield tag="651" ind1=" " ind2=" ">
    <subfield code="a">Unidad Ambiental Costera del Darien</subfield>
    <subfield code="z">Darien (Colombia)</subfield>
    <subfield code="9">6088</subfield>
  </datafield>
  <datafield tag="942" ind1=" " ind2=" ">
    <subfield code="2">ddc</subfield>
    <subfield code="c">Impreso</subfield>
    <subfield code="0">1</subfield>
  </datafield>
  <datafield tag="999" ind1=" " ind2=" ">
    <subfield code="c">7681</subfield>
    <subfield code="d">7681</subfield>
  </datafield>
  <datafield tag="952" ind1=" " ind2=" ">
    <subfield code="0">0</subfield>
    <subfield code="1">0</subfield>
    <subfield code="2">ddc</subfield>
    <subfield code="4">0</subfield>
    <subfield code="7">0</subfield>
    <subfield code="8">GENERAL</subfield>
    <subfield code="I">INV2017</subfield>
    <subfield code="a">Venado</subfield>
    <subfield code="b">Venado</subfield>
    <subfield code="d">2013-10-18</subfield>
    <subfield code="e">Instituto</subfield>
    <subfield code="g">39000.00</subfield>
    <subfield code="l">1</subfield>
    <subfield code="m">1</subfield>
    <subfield code="o">LB-333.917 L62l2</subfield>
    <subfield code="p">059820</subfield>
    <subfield code="r">2013-12-16 00:00:00</subfield>
    <subfield code="s">2013-10-18</subfield>
    <subfield code="t">Ej. 1</subfield>
    <subfield code="w">2013-10-18</subfield>
    <subfield code="x">Donaci&#xF3;n</subfield>
    <subfield code="y">LIBRO</subfield>
  </datafield>
</record>
